jeziora i zbiorniki wodne Geografia kartkówka - Statystyki

Ogólne statystyki
  • Ten quiz został rozwiązany 86 razy
  • Średni wynik to 9 z 16
Odpowiedzi na mapie
Odpowiedzi zakodowano w zielono-czerwonej skali na mapie do tego quizu, zgodnie z poniższymi procentami.
 
Statystyki odpowiedzi
Odpowiedź % Poprawnych
1. Śniardwy Jezioro
92%
2. Mamry Jezioro
81%
11. Wigry Jezioro
73%
10. Gopło Jezioro
67%
6. Jeziorak Jezioro
67%
3. Łebsko Jezioro
67%
4. Dąbie Jezioro
60%
9. Jamno Jezioro
54%
12. Solińskie Zbiornik Wodny
48%
8. Gardno Jezioro
46%
5. Miedwie Jezioro
46%
7. Niegocin Jezioro
42%
13. Włocławskie Zbiornik Wodny
40%
14. Czorsztyńskie Zbiornik Wodny
31%
16. Goczałkowickie Zbiornik Wodny
31%
15. Jeziorsko Zbiornik Wodny
29%
Nie znaleziono quizów pasujących do podanych kryteriów
Rozkład punktacji
Procent ludzi z każdym wynikiem
Percentyl według liczby udzielonych odpowiedzi
Twoja historia wyników
Nie rozwiązałeś tego quizu